A belle for Christmas (Record no. 285297)
[ view plain ]
| 000 -LEADER | |
|---|---|
| fixed length control field | 01665ngm a22003612a 4500 |
| 005 - DATE AND TIME OF LATEST TRANSACTION | |
| control field | 20200320193134.0 |
| 007 - PHYSICAL DESCRIPTION FIXED FIELD--GENERAL INFORMATION | |
| fixed length control field | vd cvaizs |
| 008 - FIXED-LENGTH DATA ELEMENTS--GENERAL INFORMATION | |
| fixed length control field | 141002s2014 xxu091 j vleng d |
| 024 1# - OTHER STANDARD IDENTIFIER | |
| Standard number or code | 013132624174 (videorecording) |
| 040 ## - CATALOGING SOURCE | |
| Modifying agency | MMLLC |
| 245 02 - TITLE STATEMENT | |
| Title | A belle for Christmas |
| Medium | [videorecording] |
| 250 ## - EDITION STATEMENT | |
| Edition statement | Widescreen ed. |
| 260 ## - PUBLICATION, DISTRIBUTION, ETC. (IMPRINT) | |
| Place of publication, distribution, etc | [United States] : |
| Name of publisher, distributor, etc | Anchor Bay Entertainment, |
| Date of publication, distribution, etc | 2014. |
| 300 ## - PHYSICAL DESCRIPTION | |
| Extent | 1 videodisc (ca. 91 min.) : |
| Other physical details | sd., col. ; |
| Dimensions | 4 3/4 in. |
| 508 1# - CREATION/PRODUCTION CREDITS NOTE | |
| Creation/production credits note | Director, Jason Dallas. |
| 511 1# - PARTICIPANT OR PERFORMER NOTE | |
| Participant or performer note | Kristy Swanson, Jet Jurgensmeyer, Dean Cain, Meyrick Murphy, Haylie Duff. |
| 520 ## - SUMMARY, ETC. | |
| Summary, etc | Glenn Barrows, a recent widower doing his best to raise his young kids Elliot and Phoebe who really miss their mom. And when the Barrows adopt an adorable puppy named Belle during the holiday season, it seems that their healing may have begun. But will Glen's dog-hating, gold-digging new girlfriend spoil their newfound happiness, or can Elliott and Phoebe pull off a daring Christmas Eve rescue of their beloved new pet? |
| 521 8# - TARGET AUDIENCE NOTE | |
| Target audience note | MPAA rating: PG. |
| 538 ## - SYSTEM DETAILS NOTE | |
| System details note | DVD. |
| 546 ## - LANGUAGE NOTE | |
| Language note | English audio; English, Spanish subtitles. |
| 650 #4 - SUBJECT ADDED ENTRY--TOPICAL TERM | |
| Topical term or geographic name as entry element | Family films. |
| 9 (RLIN) | 5893683 |
| 650 #4 - SUBJECT ADDED ENTRY--TOPICAL TERM | |
| Topical term or geographic name as entry element | Holidays. |
| 9 (RLIN) | 5893684 |
| 650 #4 - SUBJECT ADDED ENTRY--TOPICAL TERM | |
| Topical term or geographic name as entry element | Children's films. |
| 9 (RLIN) | 5893685 |
| 655 #4 - INDEX TERM--GENRE/FORM | |
| Genre/form data or focus term | Children's. |
| 9 (RLIN) | 5893686 |
| 700 1# - ADDED ENTRY--PERSONAL NAME | |
| Personal name | Swanson, Kristy. |
| 9 (RLIN) | 5767344 |
| 700 1# - ADDED ENTRY--PERSONAL NAME | |
| Personal name | Cain, Dean. |
| 9 (RLIN) | 67453 |
| 700 1# - ADDED ENTRY--PERSONAL NAME | |
| Personal name | Duff, Haylie. |
| 9 (RLIN) | 5893687 |
| 700 1# - ADDED ENTRY--PERSONAL NAME | |
| Personal name | Jurgensmeyer, Jet. |
| 9 (RLIN) | 5893688 |
| 700 1# - ADDED ENTRY--PERSONAL NAME | |
| Personal name | Murphy, Meyrick. |
| 9 (RLIN) | 5893689 |
| 942 ## - ADDED ENTRY ELEMENTS (KOHA) | |
| Koha item type | DVD |
| 948 ## - LOCAL PROCESSING INFORMATION (OCLC); SERIES PART DESIGNATOR (RLIN) | |
| Series part designator, SPT (RLIN) | 12/10/2014 |
| z (OCLC) | Sirsi |
| 996 ## - | |
| -- | 114325 |
| -- | 34301001397951 |
| -- | HOLDVD |
| -- | DVD |
| -- | wcl |
| -- | i |
| -- | 6 |
| -- | 19.98 |
| -- | Micro |
| -- | Bel |
| -- | 12/10/2014 |
| -- | 03/28/2019 |
| -- | 02/21/2018 |
| Withdrawn status | Lost status | Source of classification or shelving scheme | Damaged status | Not for loan | Collection code | Home library | Current library | Shelving location | Date acquired | Source of acquisition | Cost, normal purchase price | Total Checkouts | Total Renewals | Full call number | Barcode | Date last seen | Date checked out | Cost, replacement price | Price effective from | Koha item type |
|---|---|---|---|---|---|---|---|---|---|---|---|---|---|---|---|---|---|---|---|---|
| Dewey Decimal Classification | Holiday Movies | Wasatch County Library | Wasatch County Library | Audio Visual Area | 12/10/2014 | 19.98 | 9 | 5 | DVD Bel | 34301001397951 | 09/24/2025 | 09/18/2025 | 19.98 | 03/20/2020 | DVD |
